000 00563nam a2200181Ia 4500
008 090124s9999 xx 000 0 und d
082 _b112281
100 _aबाबर सरोजिनी
245 _a भूक लाडू तहान लाडू
250 _a1
260 _c1968
300 _a63
600 _aबाबर सरोजिनी
630 _a भूक लाडू तहान लाडू
700 _aबाबर सरोजिनी
730 _a भूक लाडू तहान लाडू
942 _cBOOK
999 _c158372
_d158372